[Event "World Junior U20 Girls 2018"]
[Site "Gebze"]
[Date "2018.09.08"]
[Round "5"]
[White "Nomin-Erdene, Davaademberel"]
[Black "Lingur, Zalina"]
[Result "1-0"]
[WhiteElo "2377"]
[BlackElo "2061"]
[Annotator "TA"]
[PlyCount "123"]
[EventDate "2018.09.05"]
[EventType "swiss"]
[EventCountry "TUR"]
[SourceTitle "playchess.com"]
[Source "ChessBase"]
[SourceQuality "1"]

{[%evp 18,123,12,12,26,25,31,27,27,27,29,29,30,30,27,27,28,25,32,28,29,13,31,15,48,36,43,35,38,39,36,27,98,91,91,91,84,84,94,60,51,43,97,75,77,27,85,94,94,9,5,10,135,141,121,53,171,171,162,162,155,85,154,154,154,141,154,154,154,156,204,208,192,196,190,192,190,188,200,193,303,293,272,269,389,371,385,354,657,691,653,687,647,638,604,555,869,846,1051,918,1550,1218,29983,29984,29987,29986,29986,29987]} 1. e4 e6 2. d4 d5 3. Nc3 Nf6 4. e5 Nfd7 5. f4 c5 6. Nf3 {[%cal Bg1f3,Bf3d4,Bd4c6][%mdl 32]} Nc6 7. Be3 cxd4 8. Nxd4 Bc5 9. Qd2 O-O 10. Be2 Ndxe5 {C11: French: Classical System: 4 e5 and 4 Bg5 dxe4} (10... a6 11. O-O Qc7 12. Bf3 Nxd4 13. Bxd4 b5 14. Ne2 a5 15. a3 b4 16. axb4 Bxb4 17. c3 Be7 18. Rfc1 {1-0 (38) Stefansson,H (2600)-Viana,D (2261) Reykjavik 2016}) 11. Nxc6 Bxe3 12. Nxd8 Bxd2+ {White has an edge.} 13. Kxd2 Ng6 14. Nxf7 Rxf7 15. g3 e5 16. fxe5 Nxe5 17. Raf1 $146 ({Predecessor:} 17. Rhf1 Bh3 18. Rxf7 Kxf7 {½-½ (26) Lorentzen,O-Loevholt,T Norway 1997}) 17... Bh3 18. Rxf7 Kxf7 19. Rd1 Be6 20. Nb5 Rd8 21. Nxa7 Ra8 22. Nb5 Rxa2 23. Kc3 Nc6 24. Rb1 Ra5 (24... Ke7 $11) 25. Nd6+ $16 Ke7 26. Nxb7 d4+ 27. Kd2 Rf5 28. Re1 Rf2 29. Kc1 {Hoping for Bc4.} Ne5 (29... Nb4 $14) 30. h4 Bd5 31. Bd1 Kf6 (31... Bxb7 $11 {keeps the balance.} 32. Rxe5+ Kd6) 32. Nc5 Rg2 33. Rf1+ (33. b4 $16) 33... Ke7 $1 $11 34. Rf4 Rg1 (34... Kd6 $11 35. b4 Nc6) 35. Rxd4 $16 Bf3 36. Ne4 (36. b4 $16) 36... Ng4 (36... h6 $14) 37. Ng5 $18 Bxd1 38. Rxd1 Rxg3 {[%mdl 4096] Endgame KRN-KRN} 39. b4 (39. Re1+ $142 Re3 40. Rxe3+ Nxe3 41. Nxh7) 39... Rg2 (39... h6 $142) 40. Rd2 $16 ({Don't play} 40. Nxh7 Ne3 $16) 40... Rg1+ 41. Kb2 Nf6 42. Nf3 Rg3 43. Nd4 Rg4 44. Nc6+ Ke6 {[#]} 45. b5 $1 {[%cal Rb5b6] Black must now prevent b6.} Nd5 46. Nd4+ Ke5 {[#]} 47. c3 $1 Nb6 {And now ...Nc4+ would win.} 48. Kb3 h6 (48... Kd5 {keeps fighting.} 49. h5 Nc4) 49. Re2+ $18 Kd5 50. Re7 Rxh4 (50... Rg1 {was called for.} 51. Rb7 Kc5 52. Rc7+ Kd5) 51. Rxg7 Rh1 52. Kb4 Ra1 $2 (52... Kd6 53. c4 Ke5) 53. Rb7 Rb1+ 54. Nb3 Nc4 {Threatens to win with ...Rxb3+!} 55. Rd7+ Ke6 56. Rd4 Nd6 57. c4 {[%cal Bc3c4,Bc4c5][%mdl 32]} Nf5 58. Rd3 h5 59. b6 Nd6 60. c5 {White mates.} Ne8 61. Re3+ Kd7 {[#]} 62. Rxe8 $1 {[%mdl 512] Precision: White = 69%, Black = 36%.} 1-0

[Event "World Junior U20 Girls 2018"]
[Site "Gebze"]
[Date "2018.09.08"]
[Round "5"]
[White "Tokhirjonova, Gulrukhbegim"]
[Black "Varshini, V."]
[Result "1-0"]
[WhiteElo "2369"]
[BlackElo "2173"]
[Annotator "NA"]
[PlyCount "67"]
[EventDate "2018.09.05"]
[EventType "swiss"]
[EventCountry "TUR"]
[SourceTitle "playchess.com"]
[Source "ChessBase"]
[SourceQuality "1"]
[TimeControl "40/5400+30:1800+30"]

1. e4 {[%emt 0:01:30]} c5 {[%emt 0:00:30]} 2. Nf3 {[%emt 0:00:30]} d6 {[%emt 0:00:00]} 3. d4 {[%emt 0:00:00]} cxd4 {[%emt 0:00:00]} 4. Nxd4 {[%emt 0:00:00]} Nf6 {[%emt 0:00:00]} 5. Nc3 {[%emt 0:00:30]} a6 {[%emt 0:00:00]} 6. h3 {[%emt 0:00:30]} e6 {[%emt 0:00:30]} 7. g4 {[%emt 0:00:30]} Be7 {[%emt 0:00:00] B81: Sicilian Scheveningen: Keres Attack} (7... h6 8. Bg2 g5 9. Be3 Nbd7 10. Qe2 Ne5 11. O-O-O Nfd7 12. h4 Rg8 13. hxg5 hxg5 14. Kb1 b5 15. f4 gxf4 16. Bxf4 Bb7 {½-½ (56) Karjakin,S (2773)-Mamedyarov,S (2801) Saint Louis 2018}) 8. g5 {[%emt 0:02:30]} Nfd7 {[%emt 0:00:00]} 9. Be3 {[%emt 0:00:00]} Nc6 {[%emt 0:02:30]} 10. h4 {[%emt 0:01:00]} Qc7 {[%emt 0:02:30]} 11. h5 {[%emt 0:05:30]} Nce5 {[%emt 0:14:30]} 12. f4 {[%emt 0:11:30]} Nc4 {[%emt 0:01:30]} 13. Bxc4 {[%emt 0:01:30]} Qxc4 {[%emt 0:00:00]} 14. Qf3 {[%emt 0:00:30]} b5 {[%emt 0:25:00]} 15. O-O-O {[%emt 0:09:30]} Bb7 $146 {[%emt 0:10:30]} ({Predecessor:} 15... b4 16. e5 d5 17. Nce2 O-O 18. Kb1 Qc7 19. Qg2 Nc5 20. Rdg1 Ne4 21. f5 {1-0 (21) Gerasimov,V (2507)-Stepanov,K (2356) ICCF email 2015}) 16. g6 {[%emt 0:16:30]} O-O-O {[%emt 0:18:30]} 17. gxf7 {[%emt 0:00:30]} b4 {[%emt 0:01:30]} 18. Nb1 {[%emt 0:03:30]} Qxa2 {[%emt 0:02:29]} 19. Nb3 {[%emt 0:09:30]} Bf6 {[%emt 0:07:17]} 20. Bd4 {[%emt 0:02:30]} e5 {[%emt 0:01:00]} 21. fxe5 {[%emt 0:07:30]} dxe5 {[%emt 0:00:35]} 22. Ba7 {[%emt 0:01:30]} Rhf8 {[%emt 0:04:11]} 23. Qe2 {[%emt 0:02:30]} Qa4 {[%emt 0:00:07]} 24. N1d2 {[%emt 0:01:30]} Bg5 $18 {[%emt 0:04:42]} 25. Kb1 {[%emt 0:00:30]} Bxd2 {[%emt 0:01:42]} 26. Nxd2 {[%emt 0:00:30]} Qc6 {[%emt 0:00:36]} 27. Nc4 {[%emt 0:00:30]} Nf6 {[%emt 0:00:34]} 28. Rxd8+ {[%emt 0:01:30]} Rxd8 {[%emt 0:00:58]} 29. Rd1 {[%emt 0:00:30]} Rf8 {[%emt 0:00:16]} 30. Qd3 {[%emt 0:00:45]} Nxe4 {[%emt 0:01:09]} 31. Qh3+ {[%emt 0:03:34]} Kc7 {[%emt 0:00:30]} 32. Nxe5 {[%emt 0:00:19]} Bc8 {[%emt 0:01:16]} 33. Qd3 {[%emt 0:01:18]} Nc5 {[%emt 0:01:07]} 34. Qc4 {[%emt 0:00:18]} 1-0

[Event "World Junior U20 Girls 2018"]
[Site "Gebze"]
[Date "2018.09.08"]
[Round "5"]
[White "Gorti, Akshita"]
[Black "Mahalakshmi, M."]
[Result "1/2-1/2"]
[WhiteElo "2315"]
[BlackElo "2213"]
[Annotator "NA"]
[PlyCount "115"]
[EventDate "2018.09.05"]
[EventType "swiss"]
[EventCountry "TUR"]
[SourceTitle "playchess.com"]
[Source "ChessBase"]
[SourceQuality "1"]
[TimeControl "40/5400+30:1800+30"]

1. d4 {[%emt 0:00:30]} Nf6 {[%emt 0:00:30]} 2. Nf3 {[%emt 0:00:30]} e6 {[%emt 0:00:30]} 3. e3 {[%emt 0:00:00]} b6 {[%emt 0:00:00]} 4. Bd3 {[%emt 0:00:00]} Bb7 {[%emt 0:00:00]} 5. O-O {[%emt 0:00:30]} d5 {[%emt 0:01:30]} 6. c4 {[%emt 0:01:30]} Bd6 {[%emt 0:00:30]} 7. b3 {[%emt 0:00:30]} O-O {[%emt 0:00:30]} 8. Nc3 {[%emt 0:00:30]} Nbd7 {[%emt 0:00:30]} 9. Bb2 {[%emt 0:00:30]} a6 {[%emt 0:00:30]} 10. Rc1 {[%emt 0:00:30]} Qe7 {[%emt 0:00:30]} 11. Na4 {[%emt 0:01:30]} dxc4 {[%emt 0:02:30]} 12. bxc4 {[%emt 0:00:30]} Rad8 {[%emt 0:01:30] E14: Queen's Indian: Classical Variation (4 e3)} (12... c5 13. Ne5 Rfd8 14. Qe2 cxd4 15. exd4 Ba3 16. Nxd7 Qxd7 17. Bxa3 Qxa4 18. Bb2 Qc6 19. f3 b5 20. cxb5 {1-0 (58) Marin,M (2544)-Nevednichy,V (2525) Porto Mannu 2018}) 13. Ne5 $146 {[%emt 0:17:30]} ({Predecessor:} 13. Qc2 Ba3 14. Be2 e5 15. Bxa3 Qxa3 16. Nxe5 Nxe5 17. dxe5 Ne4 18. Rfd1 Rxd1+ 19. Rxd1 Bc6 20. Nb2 {½-½ (51) Celen,F (2304)-Zundel,W (2329) ICCF email 2008}) 13... Bxe5 {[%emt 0:04:30]} 14. dxe5 {[%emt 0:00:00]} Ne4 {[%emt 0:00:00]} 15. Qc2 {[%emt 0:18:00]} Qh4 {[%emt 0:03:00]} 16. Bd4 {[%emt 0:12:30]} Nec5 {[%emt 0:17:30]} 17. Bxc5 {[%emt 0:03:30]} Nxc5 {[%emt 0:07:30]} 18. Nxc5 {[%emt 0:00:30]} bxc5 {[%emt 0:01:30]} 19. f4 {[%emt 0:01:30]} Rd7 {[%emt 0:05:30]} 20. Rcd1 {[%emt 0:05:30]} Rfd8 {[%emt 0:05:30]} 21. Be2 {[%emt 0:01:30]} g6 {[%emt 0:01:30]} 22. Rxd7 {[%emt 0:06:30]} Rxd7 {[%emt 0:00:30]} 23. Rd1 {[%emt 0:00:30]} Be4 {[%emt 0:04:30]} 24. Qa4 {[%emt 0:00:30]} Rd2 {[%emt 0:03:30]} 25. Rxd2 {[%emt 0:07:30]} Qe1+ {[%emt 0:00:30]} 26. Bf1 {[%emt 0:00:30]} Qxd2 {[%emt 0:00:00]} 27. Qa3 {[%emt 0:01:18]} Qe1 {[%emt 0:03:00]} 28. Qb3 {[%emt 0:01:03]} Kg7 {[%emt 0:01:30]} 29. a3 {[%emt 0:01:22]} a5 {[%emt 0:03:30]} 30. a4 {[%emt 0:00:04]} h5 {[%emt 0:02:30]} 31. Qa3 {[%emt 0:01:09]} Bc2 {[%emt 0:03:30]} 32. h3 {[%emt 0:02:12]} h4 {[%emt 0:07:30]} 33. Qxc5 {[%emt 0:02:42]} Bd3 {[%emt 0:00:51]} 34. Qe7 {[%emt 0:00:34]} Bxf1 {[%emt 0:05:01]} 35. Qf6+ {[%emt 0:01:51]} Kg8 {[%emt 0:00:28]} 36. Qd8+ {[%emt 0:00:20]} Kg7 {[%emt 0:02:04]} 37. Qf6+ {[%emt 0:00:09]} Kg8 {[%emt 0:00:40]} 38. Qd8+ {[%emt 0:00:30]} Kh7 {[%emt 0:00:00]} 39. Qf6 {[%emt 0:01:31]} Bxc4+ {[%emt 0:12:20]} 40. Kh2 {[%emt 0:00:00]} Qg3+ {[%emt 0:00:00]} 41. Kh1 {[%emt 0:00:45]} Kg8 {[%emt 0:11:06]} 42. Qd8+ {[%emt 0:00:30]} Kh7 {[%emt 0:00:00]} 43. Qf6 {[%emt 0:00:30]} Qe1+ {[%emt 0:00:00]} 44. Kh2 {[%emt 0:00:00]} Qb4 {[%emt 0:00:30]} 45. Qxf7+ {[%emt 0:01:00]} Kh8 {[%emt 0:06:07]} 46. Qf6+ {[%emt 0:03:30]} Kg8 {[%emt 0:00:42]} 47. Qxg6+ {[%emt 0:04:30]} Kf8 {[%emt 0:00:09]} 48. Qh7 {[%emt 0:12:30]} Qxa4 {[%emt 0:10:37]} 49. Qxc7 {[%emt 0:00:30]} Bd5 {[%emt 0:01:15]} 50. Qd8+ {[%emt 0:00:30]} Qe8 {[%emt 0:02:29]} 51. Qxa5 {[%emt 0:02:30]} Qg6 {[%emt 0:00:54]} 52. Qd2 $17 {[%emt 0:00:30]} (52. Qd8+ $11 {remains equal.} Kg7 53. Qe7+ Kg8 54. Qd8+ Kg7 55. Qe7+ Kg8 56. Qd8+ Kg7) 52... Qg3+ {[%emt 0:02:14]} 53. Kg1 {[%emt 0:00:30]} Kg7 {[%emt 0:00:30]} 54. Qe2 {[%emt 0:00:30]} Be4 {[%emt 0:01:04]} 55. Qd2 {[%emt 0:00:30]} Kh6 {[%emt 0:00:21]} 56. Qe2 {[%emt 0:00:30]} Kg7 {[%emt 0:00:21]} 57. Qd2 {[%emt 0:00:30]} Kh6 {[%emt 0:00:45]} 58. Qe2 {[%emt 0:00:00]} 1/2-1/2

[Event "World Junior U20 Girls 2018"]
[Site "Gebze"]
[Date "2018.09.08"]
[Round "5"]
[White "Unuk, Laura"]
[Black "Pychova, Nela"]
[Result "1-0"]
[WhiteElo "2299"]
[BlackElo "2173"]
[Annotator "NA"]
[PlyCount "89"]
[EventDate "2018.09.05"]
[EventType "swiss"]
[EventCountry "TUR"]
[SourceTitle "playchess.com"]
[Source "ChessBase"]
[SourceQuality "1"]
[TimeControl "40/5400+30:1800+30"]

1. d4 {[%emt 0:03:30]} Nf6 {[%emt 0:13:30]} 2. c4 {[%emt 0:00:30]} e6 {[%emt 0:00:30]} 3. Nf3 {[%emt 0:00:30]} d5 {[%emt 0:00:30]} 4. g3 {[%emt 0:00:30]} Bb4+ {[%emt 0:00:30]} 5. Bd2 {[%emt 0:00:30]} Bd6 {[%emt 0:00:30]} 6. Nc3 {[%emt 0:00:30]} c6 {[%emt 0:00:30]} 7. Qc2 {[%emt 0:00:30]} O-O {[%emt 0:00:30]} 8. e4 {[%emt 0:00:30]} dxe4 {[%emt 0:14:30]} 9. Nxe4 {[%emt 0:01:30]} Nxe4 {[%emt 0:00:30]} 10. Qxe4 {[%emt 0:00:00]} f5 {[%emt 0:00:00]} 11. Qe2 {[%emt 0:08:00]} Re8 $16 {[%emt 0:05:00]} 12. Bg2 {[%emt 0:01:30]} Nd7 {[%emt 0:02:30]} 13. Bc3 {[%emt 0:04:30]} Nf6 {[%emt 0:07:30]} 14. Ne5 {[%emt 0:00:30]} Bd7 {[%emt 0:02:30]} 15. O-O {[%emt 0:00:30]} Re7 {[%emt 0:00:30]} 16. Rad1 {[%emt 0:06:30]} Be8 {[%emt 0:02:30]} 17. h3 {[%emt 0:00:30]} Qc7 {[%emt 0:05:30]} 18. g4 {[%emt 0:08:30]} Rd8 {[%emt 0:04:30]} 19. Rfe1 {[%emt 0:07:30]} b5 {[%emt 0:09:30]} 20. b3 {[%emt 0:06:30]} b4 {[%emt 0:07:30]} 21. Bb2 {[%emt 0:09:30]} a5 {[%emt 0:00:30]} 22. Qf3 {[%emt 0:01:30]} c5 {[%emt 0:07:43]} 23. dxc5 {[%emt 0:10:30]} Bxc5 {[%emt 0:03:19]} 24. gxf5 {[%emt 0:07:30]} Rxd1 {[%emt 0:03:21]} 25. Rxd1 {[%emt 0:00:31]} exf5 {[%emt 0:01:30]} 26. Qxf5 {[%emt 0:01:29]} Bd6 {[%emt 0:02:46]} 27. Ng4 {[%emt 0:06:08]} Nxg4 {[%emt 0:01:41]} 28. Bd5+ {[%emt 0:00:28]} Bf7 {[%emt 0:00:22]} 29. hxg4 {[%emt 0:00:16]} h6 {[%emt 0:02:18]} 30. Be4 {[%emt 0:02:14]} Kf8 {[%emt 0:01:26]} 31. Rd3 {[%emt 0:09:38]} Qc5 {[%emt 0:01:03]} 32. Bxg7+ {[%emt 0:01:03]} Kxg7 {[%emt 0:00:26]} 33. Qh7+ {[%emt 0:00:21]} Kf8 {[%emt 0:00:33]} 34. Qh8+ {[%emt 0:01:40]} Bg8 {[%emt 0:00:03]} 35. Bd5 {[%emt 0:01:04]} Re1+ {[%emt 0:01:12]} 36. Kg2 {[%emt 0:00:08]} Re2 {[%emt 0:00:09]} 37. Rf3+ {[%emt 0:00:42]} Ke7 {[%emt 0:00:24]} 38. Qxg8 {[%emt 0:00:36]} Kd7 {[%emt 0:00:30]} 39. Rf7+ {[%emt 0:00:38]} Be7 {[%emt 0:00:37]} 40. Qg6 {[%emt 0:00:00]} a4 {[%emt 0:00:00]} 41. bxa4 {[%emt 0:09:34]} Rxa2 {[%emt 0:03:37]} 42. Qf5+ {[%emt 0:00:30]} Kd8 {[%emt 0:04:30]} 43. Rg7 {[%emt 0:01:30]} b3 {[%emt 0:10:45]} 44. Rg8+ {[%emt 0:00:30]} Kc7 {[%emt 0:00:05]} 45. Qc8+ {[%emt 0:01:30]} 1-0

[Event "World Junior U20 Girls 2018"]
[Site "Gebze"]
[Date "2018.09.08"]
[Round "5"]
[White "Antova, Gabriela"]
[Black "Chu, Ruotong"]
[Result "1-0"]
[WhiteElo "2292"]
[BlackElo "2199"]
[Annotator "NA"]
[PlyCount "193"]
[EventDate "2018.09.05"]
[EventType "swiss"]
[EventCountry "TUR"]
[SourceTitle "playchess.com"]
[Source "ChessBase"]
[SourceQuality "1"]
[TimeControl "40/5400+30:1800+30"]

1. d4 {[%emt 0:00:30]} d5 {[%emt 0:05:30]} 2. Nf3 {[%emt 0:00:00]} Nf6 {[%emt 0:00:30]} 3. c4 {[%emt 0:00:00]} dxc4 {[%emt 0:00:30]} 4. Nc3 {[%emt 0:00:00]} Bg4 {[%emt 0:00:30]} 5. Ne5 {[%emt 0:08:00] D24: Queen's Gambit Accepted: 3 Nf3 Nf6 4 Nc3} Bh5 {[%emt 0:09:30]} 6. f3 {[%emt 0:00:30]} Nbd7 {[%emt 0:11:30]} 7. Nxc4 {[%emt 0:00:30]} Nb6 {[%emt 0:00:30]} 8. Ne5 $146 {[%emt 0:01:30]} ({Predecessor:} 8. Na5 Rb8 9. e4 e6 10. a3 Nfd7 11. Be3 Bd6 12. Qd2 {½-½ (48) Andersson,U (2605)-Kavalek,L (2590) Bugojno 1982}) 8... Nfd5 {[%emt 0:05:30]} 9. e4 {[%emt 0:09:30]} Nxc3 {[%emt 0:00:30]} 10. bxc3 {[%emt 0:00:00]} Nd7 {[%emt 0:11:30]} 11. Nd3 {[%emt 0:02:00]} e6 {[%emt 0:01:30]} 12. Nf4 {[%emt 0:07:30]} Bd6 {[%emt 0:06:30]} 13. e5 {[%emt 0:03:30]} Nxe5 {[%emt 0:00:30]} 14. dxe5 {[%emt 0:02:30]} Bxe5 {[%emt 0:00:00]} 15. Qxd8+ {[%emt 0:15:30]} Rxd8 {[%emt 0:01:00]} 16. Ne2 {[%emt 0:00:00]} O-O {[%emt 0:00:00]} 17. Bf4 {[%emt 0:06:00]} Bf6 {[%emt 0:02:00]} 18. Bxc7 {[%emt 0:02:30]} Rc8 {[%emt 0:00:00]} 19. Bd6 {[%emt 0:00:30]} Rfd8 {[%emt 0:00:00]} 20. Rd1 {[%emt 0:01:30]} Bxc3+ {[%emt 0:01:30]} 21. Nxc3 {[%emt 0:00:00]} Rxc3 {[%emt 0:00:00]} 22. Bb4 {[%emt 0:06:00]} Rxd1+ {[%emt 0:01:00]} 23. Kxd1 {[%emt 0:00:00]} Rxf3 {[%emt 0:00:00]} 24. Ke1 {[%emt 0:04:00]} Rf4 {[%emt 0:00:00]} 25. a3 {[%emt 0:00:00]} b6 {[%emt 0:01:30]} 26. Bd3 {[%emt 0:04:00]} Rd4 {[%emt 0:00:30]} 27. Bc2 {[%emt 0:00:30]} Rd5 {[%emt 0:00:30]} 28. Bc3 {[%emt 0:02:30]} Rg5 {[%emt 0:03:30]} 29. Be4 {[%emt 0:04:30]} Rg4 {[%emt 0:00:30]} 30. Bb7 {[%emt 0:00:30]} Ra4 {[%emt 0:05:30] [#]} 31. Bb4 $1 {[%emt 0:06:42]} b5 {[%emt 0:00:00]} 32. Bc6 {[%emt 0:04:55]} Ra6 {[%emt 0:00:00]} 33. Bxb5 {[%emt 0:03:08]} Rb6 {[%emt 0:00:00]} 34. a4 {[%emt 0:01:21]} a6 {[%emt 0:01:00]} 35. Bc5 {[%emt 0:00:06]} Rb7 {[%emt 0:00:30]} 36. Bd3 {[%emt 0:00:27]} Rb2 {[%emt 0:05:30]} 37. Rf1 {[%emt 0:01:25]} Ra2 {[%emt 0:04:30]} 38. Rf4 {[%emt 0:00:55]} g5 {[%emt 0:00:30]} 39. Rb4 {[%emt 0:05:45]} a5 {[%emt 0:00:30]} 40. Rb8+ {[%emt 0:00:41]} Kg7 {[%emt 0:00:00]} 41. Bd4+ {[%emt 0:07:05]} f6 {[%emt 0:01:00]} 42. Rb7+ {[%emt 0:00:30]} Bf7 {[%emt 0:00:00]} 43. Bb5 {[%emt 0:00:30]} Kg6 {[%emt 0:00:00]} 44. Kf1 {[%emt 0:00:30]} Ra3 {[%emt 0:06:30]} 45. Bb2 {[%emt 0:04:30]} Rb3 {[%emt 0:00:30]} 46. Bc1 {[%emt 0:00:40]} f5 {[%emt 0:02:30]} 47. Bd2 {[%emt 0:06:38]} Rb1+ {[%emt 0:00:00]} 48. Ke2 {[%emt 0:00:02]} Rb2 {[%emt 0:00:00]} 49. Ra7 {[%emt 0:01:00]} e5 {[%emt 0:00:30]} 50. g4 {[%emt 0:01:54]} f4 {[%emt 0:01:30]} 51. Bd3+ {[%emt 0:00:30]} Kf6 {[%emt 0:00:00]} 52. Ra6+ {[%emt 0:00:24]} Ke7 {[%emt 0:00:00]} 53. Rxa5 {[%emt 0:01:37]} Kd6 {[%emt 0:00:30]} 54. Rb5 {[%emt 0:02:42]} Ra2 {[%emt 0:00:30]} 55. Rb4 {[%emt 0:01:26]} Bd5 {[%emt 0:05:30]} 56. a5 {[%emt 0:02:52]} Kc5 {[%emt 0:00:30]} 57. Rb5+ {[%emt 0:01:34]} Kd4 {[%emt 0:01:30]} 58. Rb4+ {[%emt 0:01:29]} Kc5 {[%emt 0:00:00]} 59. Rb8 {[%emt 0:00:54]} e4 {[%emt 0:02:00]} 60. Bb1 {[%emt 0:00:20]} Ra4 {[%emt 0:04:30]} 61. Rc8+ {[%emt 0:00:25]} Kd6 {[%emt 0:00:30]} 62. Bc2 {[%emt 0:00:33]} Ra1 {[%emt 0:06:30]} 63. Bb4+ {[%emt 0:00:14]} Kd7 {[%emt 0:00:00]} 64. Rc5 {[%emt 0:00:27]} Ke6 {[%emt 0:01:00]} 65. Rc8 {[%emt 0:00:04]} Kd7 {[%emt 0:00:30]} 66. Rh8 {[%emt 0:00:45]} Ra2 {[%emt 0:00:30]} 67. Kd1 {[%emt 0:01:06]} e3 {[%emt 0:02:30]} 68. Rxh7+ {[%emt 0:00:30]} Kc6 {[%emt 0:00:00]} 69. Re7 {[%emt 0:02:16]} f3 {[%emt 0:24:44]} 70. Rxe3 {[%emt 0:00:06]} f2 {[%emt 0:00:23]} 71. Bd3 {[%emt 0:00:42]} Ra1+ {[%emt 0:00:27]} 72. Kd2 {[%emt 0:00:24]} f1=Q {[%emt 0:00:59]} 73. Bxf1 {[%emt 0:00:30]} Rxf1 {[%emt 0:00:03]} 74. Be7 {[%emt 0:01:07]} Rh1 {[%emt 0:00:59]} 75. Rh3 {[%emt 0:00:25]} Rg1 {[%emt 0:00:52]} 76. Rh6+ {[%emt 0:00:41]} Kb5 {[%emt 0:00:39]} 77. h3 {[%emt 0:00:17]} Kxa5 {[%emt 0:03:02]} 78. Bxg5 {[%emt 0:00:08]} Kb5 {[%emt 0:01:31]} 79. Bf6 {[%emt 0:00:35]} Kc5 {[%emt 0:00:42]} 80. g5 {[%emt 0:00:38]} Rg2+ {[%emt 0:00:23]} 81. Ke3 {[%emt 0:00:38]} Kd6 {[%emt 0:00:06]} 82. Bd4+ {[%emt 0:00:03]} Ke7 {[%emt 0:00:39]} 83. h4 {[%emt 0:00:23]} Bf7 {[%emt 0:00:17]} 84. Bc5+ {[%emt 0:01:04]} Ke8 {[%emt 0:00:22]} 85. Kf4 {[%emt 0:00:22]} Rh2 $18 {[%emt 0:00:39]} 86. Ke5 {[%emt 0:00:28]} Rc2 {[%emt 0:01:55]} 87. Rh8+ {[%emt 0:00:37]} Kd7 {[%emt 0:00:04]} 88. Kf6 {[%emt 0:00:10]} Bd5 {[%emt 0:01:01]} 89. Bd4 {[%emt 0:00:34]} Rd2 {[%emt 0:00:04]} 90. Bc3 {[%emt 0:01:34]} Rd3 {[%emt 0:00:04]} 91. Ba1 {[%emt 0:00:04]} Rf3+ {[%emt 0:00:05]} 92. Kg7 {[%emt 0:00:45]} Rf5 {[%emt 0:01:40]} 93. Bf6 {[%emt 0:00:13]} Bc6 {[%emt 0:00:18]} 94. h5 {[%emt 0:00:24]} Ke6 {[%emt 0:00:02]} 95. Rc8 {[%emt 0:00:13]} Be4 {[%emt 0:01:21]} 96. Re8+ {[%emt 0:00:11]} Kd5 {[%emt 0:00:02]} 97. h6 {[%emt 0:00:54]} 1-0